Statistics for The Hardest AP Classes

Click here to take the quiz!

General Stats

  • This quiz has been taken 20 times
  • The average score is 5 of 10

Answer Stats

Passing Rate (%)Answer% Correct
56.1%AP Chemistry
94%
58.7%AP U.S. History
69%
51.6%AP Physics 1
56%
60%AP Statistics
44%
60.2%AP World History
44%
53.4%AP Environmental Science
38%
59.3%AP European History
38%
59%AP Human Geography
38%
60.1%AP English Literature
25%
57.5%AP U.S. Government and Politics
19%

Score Distribution

Percentile by Number Answered

Percent of People with Each Score

Your Score History

You have not taken this quiz